| 000 | 01084nam a22003017i 4500 | ||
|---|---|---|---|
| 003 | EG-ScBUE | ||
| 005 | 20221108074743.0 | ||
| 008 | 220731s2017 ua f 000 0bara d | ||
| 017 | _a2017 / 10851 | ||
| 020 | _a9789770934234 | ||
| 040 |
_aEG-ScBUE _bara _erda _cEG-ScBUE _dEG-ScBUE |
||
| 043 | _af-ua--- | ||
| 082 | 0 | 4 |
_222 _a962.053 _bس ن ا |
| 100 | 1 |
_aسناوي، عبد الله، _eمؤلف. |
|
| 245 | 1 | 0 |
_aأحاديث برقاش : _bهيكل بلا حواجز / _cعبد الله السناوي. |
| 250 | _aالطبعة الثانية. | ||
| 264 | 1 |
_aالقاهرة : _bدار الشروق، _c2017. |
|
| 300 |
_a338 صفحة ؛ _c24 سم |
||
| 336 |
_2rdacontent _aنص _btxt |
||
| 337 |
_2rdamedia _aبدون وسيط _bn |
||
| 338 |
_2rdacarrier _aمجلد _bnc |
||
| 600 | 1 | 7 |
_aهيكل، محمد حسنين، _d1923-2016. _2BUEsh |
| 650 | 7 |
_aالصحفيون المصريون _vتراجم. _2BUEsh |
|
| 651 | 7 |
_aمصر _xتاريخ _yالعصر الحديث. _2BUEsh |
|
| 653 |
_bGGEN _cNovember2022 |
||
| 655 |
_vReading book _934232 |
||
| 942 | _2ddc | ||
| 999 |
_c29968 _d29939 |
||